Statistics for Most Guessed Element by Letter

Click here to take the quiz!

General Stats

  • This quiz has been taken 40 times
  • The average score is 17 of 23

Answer Stats

LetterAnswer%% Correct
HHydrogen97%
97%
GGold90%
92%
OOxygen95%
92%
NNitrogen85%
89%
CCarbon89%
86%
IIron81%
86%
XXenon60%
86%
SSilver88%
83%
ZZinc62%
83%
BBoron73%
81%
UUranium67%
81%
AArgon71%
78%
PPotassium77%
78%
MMagnesium74%
75%
LLithium78%
72%
YYttrium37%
67%
FFluorine66%
64%
VVanadium40%
61%
KKrypton54%
58%
RRadon52%
58%
TTin62%
58%
EEinsteinium54%
44%
DDysprosium/Dubnium/Darmstadtium17%
36%

Score Distribution

Percentile by Number Answered

Percent of People with Each Score

Your Score History

You have not taken this quiz